| 000 | 00810nam a22002657a 4500 | ||
|---|---|---|---|
| 003 | 0 | ||
| 005 | 20160609165320.0 | ||
| 008 | 100122t xxu||||| |||| 00| 0 eng d | ||
| 020 | _a978-287003-446-0 | ||
| 040 |
_a10/012 _bCommunauté Française de Belgique _cDon |
||
| 041 | _aFr | ||
| 082 | _2396.9 | ||
| 100 |
_aAntrobus, Peggy _93068 |
||
| 245 |
_aLe Mouvement mondial des femmes _cPeggy Antrobus |
||
| 260 |
_aCotonou _bEd. Ruisseaux d'Afrique _c2007 |
||
| 260 |
_aCotonou _bEd. d'Atelier _c2007 |
||
| 260 | _aCotonou | ||
| 260 | _aCotonou | ||
| 300 |
_a303 p. _c20 cm |
||
| 440 |
_aEnjeux planete _v11 _93069 |
||
| 500 | _aContien Quelques résaeux de femmes et leurs sites Internet | ||
| 504 | _aBibliographie pp. 271 - 273 | ||
| 650 |
_aFemme _bMouvement d'émancipation _93070 |
||
| 942 | _cLIVR | ||
| 999 |
_c46791 _d46791 |
||